Gaming Quiz

Random Gaming or Lyrics Quiz
Score 0/139 Timer 10:00
0 Plays Today
% Correct
a
95%
the
85%
Worms
85%
to
85%
The
85%
the
85%
the...?'
85%
the
85%
the
85%
the
85%
the
85%
Worms
85%
to
85%
to
85%
the
85%
the
85%
the
85%
have
80%
went
80%
war.
80%
and
80%
on
80%
went
80%
and
80%
and
80%
war
80%
and
80%
on,
80%
and
80%
And
80%
have
80%
and
80%
and
80%
Many
75%
since
75%
many
75%
moons
70%
passed
70%
than
70%
before.
70%
all
70%
Boggy
70%
weapons
65%
he
65%
of
65%
it,
65%
it,
65%
% Correct
'What
65%
this
65%
it
65%
bigger
60%
shivered
60%
patrol.
60%
his
60%
His
60%
his
60%
How
60%
more
60%
will
60%
But
60%
But
60%
his
60%
Onwards
55%
upwards,
55%
Boggy B
55%
took
55%
arms
55%
way
55%
out
55%
Boggy B
55%
was
55%
lost -
55%
cost?
55%
fight,
55%
again.
55%
So
55%
fight
55%
fight
55%
end.
55%
cover,
50%
race
50%
crazy,
50%
control.
50%
Then
50%
got
50%
against
50%
advice -
50%
dreaded
50%
Then
50%
you,
50%
No
50%
you
50%
for
50%
until
50%
% Correct
friend
45%
tail
45%
split,
45%
energy
45%
down.
45%
If
45%
get
45%
just
45%
it's
45%
could
45%
with
45%
friend.
45%
with
45%
simply
40%
latest
40%
device.
40%
Nuke
40%
disease
40%
through
40%
pain.
40%
now
40%
their
40%
threw
35%
came
35%
didn't
35%
probably
35%
battled
35%
hunger
35%
call,
35%
better
35%
bought.
35%
spare
35%
thought
35%
honour,
35%
bug
30%
you'd
30%
drown.
30%
Living
30%
final
30%
bullet
30%
possibly
30%
tumbling
25%
victor
25%
curtain
25%
onslaught.
25%
Remove Ads.
Support Sporcle.
Get the best of Sporcle when you Go Orange. This ad-free experience offers more features, more stats, and more fun while also helping to support Sporcle. Thank you for becoming a member.

You're not logged in!

Compare scores with friends on all Sporcle quizzes.
OR
Log In

Show Comments

Extras

Created Jan 17, 2015ReportNominate
Tags:Lyrics Quiz, Armageddon, Worm

Top Quizzes Today


Score Distribution

Your Account Isn't Verified!

In order to create a playlist on Sporcle, you need to verify the email address you used during registration. Go to your Sporcle Settings to finish the process.

Report this User

Report this user for behavior that violates our Community Guidelines.

Details: